00489nam a2200157 i 4500001000700000003000900007005001700016007000300033008004100036080001900077100002900096245012200125260004000247300002000287852002400307140760ES-MaACL20240516063048.0t|070917s1934 xxk ||||1| eng d a821.111-94"19"0 aWells, H. G.,d1866-194610aExperiment in autobiography b: discoveries and conclusions of a very ordinary brain (since 1866) / cby H. G. Wells. aLondon : bVictor Gollancz, c1934. a2 v. ; c20 cm. aES-MaACLjA-2875-76